000 00294 a2200109 4500
001 ART_24960
005 20260410161933.0
008 260409a
245 1 0 _aLa producción de oro
100 1 _ade Pablos, Tomás
773 0 _tInforme
_g- Año I, Nº 6 (dic. 1969)
_wREV23765
999 _c28778
_d28778